Alle Pokémon von "Serena" - Statistiken

Allgemein
  • Dieses Quiz wurde 25 mal gespielt
  • Das Durchschnittsergebnis liegt bei 5 aus 6
Antwortstatistiken
Attacken
(falls bekannt)
Pokémon % Korrekt
Glut / Kratzer Fynx
90%
Flammenwurf / Kraftreserve Rutena
90%
Doppelteam / FeenbriseRuckzuckhieb Feelinara
85%
Steinkante / FinsterauraArmstoß / Eishieb Pam -Pam
80%
Schutzschild / Sternschauer Evoli
75%
Magieflamme / Feuersturm Fennexis
75%
Keine übereinstimmenden Quizze gefunden
Verteilung der Resultate
Anzahl Personen mit jedem Resultat
Perzentil nach korrekt beantworteten Fragen
Ihre Resultats-Entwicklung
Sie haben dieses Quiz noch nicht gespielt